02742nam a2200421 i 4500003000900000005001700009006001900026007000300045008004100048020001800089040003300107082003000140100004800170245007800218250002300296264004100319300005400360336002700414337003300441338002800474500007900502500007300581500016300654504004200817505081500859590002701674600003801701650005501739651005101794651004901845700004101894710006301935910004001998942001202038952012402050952012902174999001702303DO-SdBPM20260210125400.0a||||gr|||| 00| 0 ta230807e2013 dr ac||| |||| 00| 0 spa d a9789945445114 aDO-SdBPMbspacBPMSUerdad  4a923.27293bD812p 20132221 aPérez y Pérez, Rafael L.,b1955-eautor10aJuan Pablo Duarte : bmúltiple y humano /cRafael L. Pérez y Pérez. aPrimera edición  1aSanto Domingo :bEdita Libros,c2013 a93 páginas :bilustraciones, retratos ;c22 cm. 2rdacontentatextobtxt 2rdamediaasin mediaciónbn 2rdacarrieravolumenbnc aImágenes de la portada: colección "La República Inmortal de Duarte". aIncluye referencias bibliográficas y notas al pie de las páginas aBiografía del general de brigada médico internista-oncólogo Dr. Rafael Leónidas Pérez y Pérez, E. N. Abogado politólogo, historiador y escritor. aIncluye referencias bibliográficas.2 aOpiniones, vii.-- Prólogo, ix.-- Fechas de nacimiento y muerte de miembros de la familia Duarte-Díez, 17.-- Bibliografía, 21.-- General Juan Pablo Duarte y Díez, E.N., 23.-- Aclaraciones sobre el juramento trinitario, 27.-- Bibliografía, 37.-- El pensamiento constitucional de Duarte y su concepto del Estado, 39.-- Bibliografía, 51.-- Juan Pablo Duarte y el concepto felicidad en su ideario, 53.-- ¨Duarte y su devoción por la Virgen de la Altagracia, 61.-- Palabras de exaltación al fundador de la República, general Juan Pablo Duarte, 67.-- Palabras a nombre del Ministerio de las Fuerzas Armadas, 73.-- Bibliografía, 77.-- Cronología de Juan Pablo Duarte y Díez, fundador de la República, 79.-- Bibliografía, 83.-- ¿Una neibera vio nacer La Trinitaria?, 85.-- Biografía, 91. aInventariado 2026 / VM14a Duarte, Juan Pablo, d1813-1876. 4aEstadistas zRepública DominicanavBiografías  4aRepública Dominicana xHistoria y1844-1930z aDominican Republic --xHistory --y1844-19301 aSuazo Ruiz, Sócrates, eprólogo.1 aRepública Dominicanab.Ministerio de las Fuerza Armadas  aVMateo V. Control de calidad BPMSU  2ddccBK 00102ddc708CDaBPMETbBPMETd2026-02-10l0oBPMSU CD 923.27293 D812p 2013pBPMSU26020058r2026-02-10w2026-02-10yBK 00102ddc708CDaBPMETbBPMETd2026-02-10l0oBPMSU CD 923.27293 D812p 2013pBPMSU26020059r2026-02-10te.2w2026-02-10yBK c15679d15679